|
|
|
|
| LEADER |
00000naa a2200000uu 4500 |
| 001 |
vtls010921310 |
| 003 |
SK-MaSNL |
| 005 |
20260302131338.0 |
| 008 |
220808|1990 xo |||||||||||||||||slo| |
| 015 |
|
|
|a SNBRA
|
| 035 |
|
|
|a (urnnbn)urn:nbn:sk:snk:ar-a0d03x
|
| 035 |
|
|
|a (uuid)96c0456c-8c62-4ce3-80c7-162fed15708c
|
| 035 |
|
|
|a urn:nbn:sk:snk-aatote
|
| 040 |
|
|
|a SNKBUCL
|b slo
|c SNKBUCL
|e AACR2
|
| 041 |
0 |
|
|a slo
|
| 044 |
|
|
|a xo
|c SK
|
| 245 |
0 |
0 |
|a MARIÁŠI, Alexander (Mariássy)
|b náboženský spisovateľ, cirkevný hodnostár (19. 9. 1689 Markušovce, okr. Spišská Nová Ves - 19. 4. 1755 Spišské Podhradie-Spišská Kapitula, okr. Spišská Nová Ves)
|
| 655 |
|
7 |
|a biografické heslá
|2 SNKPH
|9 368942
|
| 773 |
0 |
|
|t Slovenský biografický slovník : (od roku 833 do roku 1990). IV. zväzok, M-Q
|d Martin : Matica slovenská, 1990
|g S. 70-71
|z 8070900709 viaz
|
| 954 |
|
|
|a odborná, vedecká literatúra pôvodná (slovenská)
|2 lita
|
| 958 |
|
|
|a BX
|
| 958 |
|
|
|a OND
|
| 958 |
|
|
|a chapter
|
| 958 |
|
|
|a article25
|
| 999 |
|
|
|c 1306136
|d 1308066
|